<?xml version="1.0" encoding="UTF-8"?>
<record
    xmlns:xsi="http://www.w3.org/2001/XMLSchema-instance"
    xsi:schemaLocation="http://www.loc.gov/MARC21/slim http://www.loc.gov/standards/marcxml/schema/MARC21slim.xsd"
    xmlns="http://www.loc.gov/MARC21/slim">

  <leader>02296agaaa2200349   4500</leader>
  <controlfield tag="001">8875</controlfield>
  <controlfield tag="003">IT-RoPAU</controlfield>
  <controlfield tag="005">20220918181231.0</controlfield>
  <controlfield tag="007">d cvaizq</controlfield>
  <controlfield tag="008">50131s9999||||xx ||| |     ||   ||und||</controlfield>
  <datafield tag="040" ind1=" " ind2=" ">
    <subfield code="a">IT-RoPAU</subfield>
    <subfield code="c">IT-RoPAU</subfield>
  </datafield>
  <datafield tag="041" ind1=" " ind2=" ">
    <subfield code="a">ITALIANO</subfield>
  </datafield>
  <datafield tag="100" ind1=" " ind2=" ">
    <subfield code="a">Sheridan Jim</subfield>
    <subfield code="g">Codice regista SPICS: 59523</subfield>
    <subfield code="9">36672</subfield>
  </datafield>
  <datafield tag="130" ind1=" " ind2=" ">
    <subfield code="a">IN AMERICA - IL SOGNO CHE NON C'ERA</subfield>
    <subfield code="9">40820</subfield>
  </datafield>
  <datafield tag="240" ind1=" " ind2=" ">
    <subfield code="a">EAST OF HARLEM</subfield>
    <subfield code="g">T3790</subfield>
  </datafield>
  <datafield tag="245" ind1=" " ind2=" ">
    <subfield code="a">IN AMERICA - IL SOGNO CHE NON C'ERA</subfield>
    <subfield code="c">Prodotto da: Sheridan Jim -- Sceneggiatura: Sheridan Jim Sheridan Naomi Sheridan Kirsten -- Diretto da: Sheridan Jim</subfield>
    <subfield code="p">IN AMERICA - IL SOGNO CHE NON C'ERA (Rif. Codice opera principale : H8875)</subfield>
  </datafield>
  <datafield tag="246" ind1=" " ind2=" ">
    <subfield code="a">EAST OF HARLEM</subfield>
  </datafield>
  <datafield tag="250" ind1=" " ind2=" ">
    <subfield code="a">Edizione Standard</subfield>
  </datafield>
  <datafield tag="260" ind1=" " ind2=" ">
    <subfield code="a">(IRLANDA - UK)</subfield>
    <subfield code="b">HELL'S KITCHEN FILM - HARLEM FILM PROD. / Distribuzione: MAGAZZINO DISP</subfield>
    <subfield code="g">"2002 (1&#xB0; ed.: 2009 ; Ed. Lingua Orig.: 2002)"</subfield>
  </datafield>
  <datafield tag="300" ind1=" " ind2=" ">
    <subfield code="a">DVD</subfield>
    <subfield code="b">sonoro, col.</subfield>
    <subfield code="c">101 minuti</subfield>
  </datafield>
  <datafield tag="508" ind1=" " ind2=" ">
    <subfield code="a">"Fotografia: Quinn Declan; Montaggio: Geraghty Naomi; Musica: Friday Gavin; Sceneggiatura: Sheridan Jim Sheridan Naomi Sheridan Kirsten; Scenografia: Geraghty Mark; Soggetto: Sheridan Jim -- Sheridan Naomi"</subfield>
  </datafield>
  <datafield tag="511" ind1=" " ind2=" ">
    <subfield code="a">"Morton Samantha; Considine Paddy; Houdsou Djimon; Bolger Sara; Bolger Emma; Carlton R"</subfield>
  </datafield>
  <datafield tag="520" ind1=" " ind2=" ">
    <subfield code="a">"L'AMERICA? UN SOGNO CHE UN BEL GIORNO DIVENTA REALTA' ANCHE PER LA GIOVANECOPPIA DI IMMIGRATI IRLANDESI E LE DUE FIGLIE CHE TENTANO DI RIFARSI UNA VITA A NEW YORK. SARANNO LE BAMBINE A SCOPRIRE CON L'INNOCENZA DELL'OCCHIO INFANTILE IL LATO MAGICO DELLA GRANDE MELA, UN'ISOLA INCANTATA DOVE TUTTO PUO' ACCADERE. E LO TRASFERIRANNO AI GENITORI CHE RITROVERANNO COSI' LA SPERANZA E IL CORAGGIO PER RICOMINCIARE A VIVERE E AD AMARE, NONOSTANTE TUTTO. CONTENUTI EXTRA: COMMENTO AUDIO DEL REGISTA; SCENE TAGLIATE; DOCUMENTARIO SUL MAKING OF DEL FILM."</subfield>
  </datafield>
  <datafield tag="538" ind1=" " ind2=" ">
    <subfield code="a">PAL, STEREO</subfield>
  </datafield>
  <datafield tag="546" ind1=" " ind2=" ">
    <subfield code="a">ITALIANO</subfield>
  </datafield>
  <datafield tag="650" ind1=" " ind2=" ">
    <subfield code="a">DRAMMA - ROMANTIC</subfield>
    <subfield code="e">DVD-FILM [DVD]</subfield>
    <subfield code="x">Codice MATERIA SPICS: 9947</subfield>
    <subfield code="9">36786</subfield>
  </datafield>
  <datafield tag="700" ind1=" " ind2=" ">
    <subfield code="a">Friday Gavin</subfield>
    <subfield code="e">(musica)</subfield>
    <subfield code="g">Codice Musica SPICS: 49212</subfield>
    <subfield code="9">40821</subfield>
  </datafield>
  <datafield tag="700" ind1=" " ind2=" ">
    <subfield code="a">Sheridan Jim </subfield>
    <subfield code="e">(regista)</subfield>
    <subfield code="g">Codice regista SPICS: 59523</subfield>
    <subfield code="9">36672</subfield>
  </datafield>
  <datafield tag="700" ind1=" " ind2=" ">
    <subfield code="a">Sheridan Jim </subfield>
    <subfield code="e">(soggetto)</subfield>
    <subfield code="g">Codice Soggetto SPICS: 59523</subfield>
    <subfield code="9">40822</subfield>
  </datafield>
  <datafield tag="700" ind1=" " ind2=" ">
    <subfield code="a">Sheridan Naomi </subfield>
    <subfield code="e">(soggetto)</subfield>
    <subfield code="g">Codice Soggetto 2&#xB0; SPICS: 59524</subfield>
    <subfield code="9">40823</subfield>
  </datafield>
  <datafield tag="942" ind1=" " ind2=" ">
    <subfield code="c">DV</subfield>
    <subfield code="2">ddc</subfield>
  </datafield>
  <datafield tag="999" ind1=" " ind2=" ">
    <subfield code="c">105335</subfield>
    <subfield code="d">105335</subfield>
  </datafield>
  <datafield tag="952" ind1=" " ind2=" ">
    <subfield code="0">0</subfield>
    <subfield code="1">0</subfield>
    <subfield code="4">0</subfield>
    <subfield code="6">H_8875_000000000000000</subfield>
    <subfield code="7">1</subfield>
    <subfield code="a">SPICS</subfield>
    <subfield code="b">SPICS</subfield>
    <subfield code="d">2015-01-31</subfield>
    <subfield code="l">0</subfield>
    <subfield code="o">H8875</subfield>
    <subfield code="r">2015-01-31 00:00:00</subfield>
    <subfield code="w">2015-01-31</subfield>
    <subfield code="y">DV</subfield>
    <subfield code="z">Progr. Ins.: 3806 / N.Vol.:1 / Copie: 1 / Pag.:0 / Copia rara: n.d. / date import: 1.2.2015 / By Epidotti, Trombetti, Vaglietti</subfield>
  </datafield>
</record>
